A gata tareca e outros poemas levados da breca (Registo nº 4336)

Detalhes MARC
000 -Etiqueta do registo
Cabeçalho 00787cam a2200289 4500
005 - Identificador da versão
Campo de controlo 20240813122058.0
095 ## -
-- PTBN00269264
010 ## - Número internacional normalizado dos livros (ISBN)
Número (ISBN) 9726951216
021 ## - Número do Depósito Legal
Código do país PT
Número 41457/90
100 ## - Dados gerais de processamento
Dados gerais de processamento 19910326d1990 a y0pory5003 ba
102 ## - Pais de publicação ou produção
País de publicação Portugal
101 0# - Língua de publicação
Língua do texto, banda sonora, etc. Português
106 ## - Campo de dados codificados: material textual
Dados codificados do material textual r
105 ## - Campo de dados codificados: livros
Dados codificados dos livros a z 001fy
215 ## - Descrição física 
Indicação específica da natureza do documento e extensão da espécie 56 p.
Dimensões 19 cm
200 1# - Titulo e menção de responsabilidade
Título próprio A gata tareca e outros poemas levados da breca
Primeira menção de responsabilidade Luísa Ducla Soares
Outras menções de responsabilidade il. José Pedro Bessa
225 1# - Colecção 
Título próprio da colecção Sésamo
Indicação de volume 17
210 ## - Publicação, Distribuição, etc. 
Lugar da edição, distribuição, etc. Lisboa
Nome do editor, distribuidor, etc. Teorema
Data da publicação, distribuição, etc. cop. 1990
675 ## - Classificação Decimal Universal (CDU)
Notação 087.5
Edição BN
Língua da edição por
Notação 869.0
Edição BN
Língua da edição por
702 #1 - Nome de autor-pessoa física (responsabilidade secundária)
Número de registo de entrada de autoridade 0000850
Palavra de ordem Bessa
Outra parte do nome não tomada para palavra de ordem José Pedro
Datas 1951-
Código de função Ilustrador / Técnico de desenho computorizado
700 #1 - Nome de autor-pessoa física (responsabilidade principal)
Número de registo de entrada de autoridade 0000789
Palavra de ordem Soares
Outra parte do nome não tomada para palavra de ordem Luísa Ducla
Datas 1939-
942 ## - Elementos de entrada adicionados (Koha)
Tipo de item no Koha Livro
Exemplares
Situação do levantamento Origin of item (home branch) (coded) Biblioteca de empréstimo Código de barras Cota Circulation type (not for loan) Tipo de documento Nota do exemplar Damaged status
  Biblioteca Escolar das Vendas Biblioteca Escolar das Vendas BEV481 8POR SOA   Livro Sem mensagem